Дело о духовных академиях: о публичных лекциях в Санкт-Петербурге (1860 г.), отчёт по Киевской духовной академии (1861 г.), увол...

Доступно только в Электронных читальных залах Найти на картеНа карте
RUSMARC
00003974nmc2a2200000 x 450
0019ff60fe9-c879-44c8-9660-073d5576fac7
00520170929165620.0
100##$a20160121l18601861k l0rusy0189 ca
1010#$arus
102##$aRU
2001#$aДело о духовных академиях: о публичных лекциях в Санкт-Петербурге (1860 г.), отчёт по Киевской духовной академии (1861 г.), увольнение профессоров и о случае в Санкт-Петербургской академии (1861 г.)
$j18 февраля 1860 г. - 16 октября 1861 г.
251##$cДело
300##$aДело
801#0$aRU
$bРГИА
$c20160121
$gRCR
801#1$aRU
$bГлавНИВЦ
$c20160121
$2rusmarc
801#2$aRU
$bПБ им. Б.Н. Ельцина
$c20170929
$gRCR
$2rusmarc
850##$aРГИА
852##$aРГИА
$eФедеральное казенное учреждение "Российский государственный исторический архив" (РГИА)
$j91
937##$hРГИА
$d12196856
$aASBIBLIO_SCAN
215##$a20 л.
$d36,5х26 см
371##$aДокумент не является опубликованным и широко распространяемым
105##$ay###
1222#$ad
461#0$1001b1f99367-c32c-4622-b459-2b3448ffecf4
$12001
$aФиларет (до монашества - Василий Михайлович Дроздов) (1783-1867), член Синода, ректор Петербургской духовной академии, митрополит Московский и Коломенский
$1251
$cФонд
$1852
$j832
462#0$1001940c438b-e4d1-4ae5-ae01-8cacda3d18e1
$12001
$aЗаписки Филарета и другие материалы по разным вопросам управления церковью в России, о положении православной церкви за границей, о расколе
$1251
$cОпись
$1852
$j1
035##$a9ff60fe9-c879-44c8-9660-073d5576fac7
856##$uhttp://readingroom.main.prlib.ru/item.aspx?id_node=n105755856&mode=full
Формат отображения